Word Ladder: Disney or Game of Thrones? Quiz Stats

Quiz Updated Dec 29, 2017

Challenge
Share
Tweet
Embed
Score 0/28 Timer 04:00
0 Plays Today
Clue 5-Letter Word % Correct
12 - These hold pants upBELTS
84.9%
8 - Someone who continually picks on anotherBULLY
82.9%
13 - Dr. Dre's headphones brandBEATS
82.3%
19 - _____ off! - when a rocket launchesBLAST
80.7%
14 - German sausages, for shortBRATS
80.3%
15 - Orchestral section with trumpetsBRASS
80.3%
20 - Disney lover of [Rung 10]★BEAST★
78.6%
10 - Disney lover of [Rung 20]★BELLE★
77.5%
11 - Partners of whistlesBELLS
77.3%
22 - Contract by which a property is rentedLEASE
76.9%
21 - Something of the lowest or smallest amountLEAST
75.6%
24 - To pursue, usually at speedCHASE
73.4%
23 - To stop or endCEASE
72.2%
9 - French word for 'bubble'BULLE
70.6%
Clue 5-Letter Word % Correct
28 - Game of Thrones character: [Rung 1] _____★STARK★
69.7%
16 - Unrefined or coarse comments or behaviourCRASS
69.4%
7 - Game of Thrones family name★TULLY★
69.1%
27 - It's varieties include Tiger, Leopard and WhaleSHARK
68.4%
26 - To divide equally between peopleSHARE
68.4%
17 - Societal rankCLASS
68.3%
6 - To count or score by marking straight lineTALLY
66.9%
18 - Rock fragment from larger rock breakdownCLAST
62.7%
25 - Narrow medieval street or alley (UK)CHARE
59.9%
2 - A spicy condimentSALSA
54.5%
1 - Game of Thrones character: _____ [Rung 28]★SANSA★
52.6%
5 - Chummy or friendlyPALLY
50.1%
4 - Condition involving paralysis and tremorsPALSY
46.7%
3 - Mound of earth near a glacierPALSA
34.3%

Today's Daily Dose

You're not logged in!

Compare scores with friends on all Sporcle quizzes.
Join for Free
OR
Log In

You Might Also Like...

Show Comments

Extras

Top Quizzes Today


Score Distribution

Your Account Isn't Verified!

In order to create a playlist on Sporcle, you need to verify the email address you used during registration. Go to your Sporcle Settings to finish the process.

Report this User

Report this user for behavior that violates our Community Guidelines.

Details: